Un joueur par club de Ligue 1 - Statistiques

Statistiques générales
  • Ce quiz a été pris 78 fois
  • Le résultat moyen est 6 sur 18
Statistiques - réponses
Par images Réponse % Correct
Willian Pacho
76%
Ernest Nuamah
72%
Mitchel Bakker
67%
Joris Chotard
53%
Sékou Mara
48%
Hans Hateboer
47%
Martín Satriano
32%
Jean-Philippe Gbamin
28%
Vincent Sierro
28%
Wilfried Singo
28%
Marshall Munetsi
25%
Ibrahima Niane
19%
Samuel Grandsir
17%
Dennis Appiah
15%
Julien Le Cardinal
15%
Jeffrey de Lange
12%
Lassine Sinayoko
11%
Youssouf Ndayishimiye
9%
Aucun quiz correspondant
Distribution des résultats
% des personnes avec chaque résultat
Percentile par nombre de réponses
Votre historique - résultats
Vous n’avez pas pris ce quiz